| 000 | 00875 a2200217 4500 | ||
|---|---|---|---|
| 008 | 080820t xxu||||| |||| 00| 0 eng d | ||
| 010 | _aENG-84894 | ||
| 020 |
_a8177589814 _c599.00 |
||
| 035 | _aEN-68427 | ||
| 037 | _bD.B.Act / Pub | ||
| 082 | _a305.26 | ||
| 100 | _aBagchi, Anil. | ||
| 245 |
_aThe ageing world _cAnil Bagchi. |
||
| 260 |
_aDelhi _bPearson Longman, _c2006. |
||
| 300 |
_axvii, 346 p. _c24 cm. (Hb) |
||
| 500 | _aIncludes bibliographical references and index | ||
| 650 | _aPopulation aging. | ||
| 942 |
_adpl _cEN _k305.26 / BAG _2ddc _h305.26 _mBAG |
||
| 999 |
_c667 _d667 |
||